<?xml version="1.0" encoding="UTF-8"?>
<record
    xmlns:xsi="http://www.w3.org/2001/XMLSchema-instance"
    xsi:schemaLocation="http://www.loc.gov/MARC21/slim http://www.loc.gov/standards/marcxml/schema/MARC21slim.xsd"
    xmlns="http://www.loc.gov/MARC21/slim">

  <leader>00509nam a2200181Ia 4500</leader>
  <controlfield tag="005">20250924120401.0</controlfield>
  <controlfield tag="008">231207s9999    xx            000 0 und d</controlfield>
  <datafield tag="020" ind1=" " ind2=" ">
    <subfield code="a">9788130702247</subfield>
  </datafield>
  <datafield tag="040" ind1=" " ind2=" ">
    <subfield code="c">PK-LaNCA</subfield>
  </datafield>
  <datafield tag="082" ind1=" " ind2=" ">
    <subfield code="a">780.7</subfield>
    <subfield code="b">ELE</subfield>
  </datafield>
  <datafield tag="100" ind1=" " ind2=" ">
    <subfield code="a">Giddings, Thaddeus(Editor)</subfield>
  </datafield>
  <datafield tag="245" ind1=" " ind2="0">
    <subfield code="a">Elementary Music</subfield>
    <subfield code="c">Edited by Thaddeus Giddings</subfield>
  </datafield>
  <datafield tag="260" ind1=" " ind2=" ">
    <subfield code="b">Cosmo Publications</subfield>
    <subfield code="a">New Delhi</subfield>
    <subfield code="c">2006</subfield>
  </datafield>
  <datafield tag="500" ind1=" " ind2=" ">
    <subfield code="a">Cosmo music education series</subfield>
  </datafield>
  <datafield tag="546" ind1=" " ind2=" ">
    <subfield code="a">English</subfield>
  </datafield>
  <datafield tag="650" ind1=" " ind2=" ">
    <subfield code="a">Music--Education., Music.</subfield>
  </datafield>
  <datafield tag="942" ind1=" " ind2=" ">
    <subfield code="c">MUSIC</subfield>
  </datafield>
  <datafield tag="952" ind1=" " ind2=" ">
    <subfield code="0">0</subfield>
    <subfield code="1">0</subfield>
    <subfield code="4">0</subfield>
    <subfield code="6">780_700000000000000_ELE_31773</subfield>
    <subfield code="7">0</subfield>
    <subfield code="9">27320</subfield>
    <subfield code="a">NCA</subfield>
    <subfield code="b">NCA</subfield>
    <subfield code="c">Musicology Section</subfield>
    <subfield code="d">2023-12-08</subfield>
    <subfield code="h">Cosmo Music Education Series 3</subfield>
    <subfield code="l">0</subfield>
    <subfield code="o">780.7 ELE 31773</subfield>
    <subfield code="p">31773</subfield>
    <subfield code="r">2023-12-08 00:00:00</subfield>
    <subfield code="w">2023-12-08</subfield>
    <subfield code="y">BK</subfield>
  </datafield>
  <datafield tag="999" ind1=" " ind2=" ">
    <subfield code="c">27320</subfield>
    <subfield code="d">27320</subfield>
  </datafield>
</record>
